Statistics for Capital of wilayas in Algeria

Click here to take the quiz!

General Stats

  • This quiz has been taken 28 times
  • The average score is 40 of 57

Answer Stats

WilayasCapitals% Correct
AdrarAdrar
89%
BatnaBatna
89%
BejaïaBejaïa
89%
BécharBéchar
85%
BiskraBiskra
85%
BouiraBouira
85%
ChlefChlef
85%
BlidaBlida
81%
LaghouatLaghouat
81%
Oum El BouaghiOum el Bouaghi
81%
SétifSétif
81%
TlemcenTlemcen
81%
AlgerAlger
78%
AnnabaAnnaba
78%
ConstantineConstantine
78%
JijelJijel
78%
SaïdaSaïda
78%
Sidi Bel AbbèsSidi Bel Abbès
78%
TiaretTiaret
78%
DjelfaDjelfa
74%
OranOran
74%
TamanrassetTamanrasset
74%
TébessaTébessa
74%
Tizi OuzouTizi Ouzou
74%
BayadhBayadh
70%
BoumerdèsBoumerdès
70%
IlliziIllizi
70%
MédéaMédéa
70%
TarfTarf
70%
Béni AbbèsBéni Abbès
67%
Bordj Bou ArreridjBordj Bou Arreridj
67%
DeflaDefla
67%
GhardaïaGhardaïa
67%
GuezzamGuezzam
67%
MascaraMascara
67%
MilaMila
67%
MostaganemMostaganem
67%
M'SilaM'Sila
67%
NaâmaNaâma
67%
OuarglaOuargla
67%
Ouled DjellalOuled Djellal
67%
RelizaneRelizane
67%
SalahSalah
67%
TimimounTimimoun
67%
TindoufTindouf
67%
TissemsiltTissemsilt
67%
DjanetDjanet
63%
KhenchelaKhenchela
63%
MeniaaMeniaa
63%
M'GhairM'Ghair
63%
OuedOued
63%
Souk AhrasSouk Ahras
63%
TémouchentTémouchent
63%
TipazaTipaza
63%
TouggourtTouggourt
63%
Bordj Badji MokhtarBordj Badji Mokhtar
59%
GuelmaGuelmaGuelma
0%

Score Distribution

Percentile by Number Answered

Percent of People with Each Score

Your Score History

You have not taken this quiz